<?xml version="1.0" encoding="utf-8"?>
<?xml-stylesheet type='text/xsl' href='./oai2.xsl'?>
<OAI-PMH xmlns="http://www.openarchives.org/OAI/2.0/" xmlns:xsi="http://www.w3.org/2001/XMLSchema-instance" xsi:schemaLocation="http://www.openarchives.org/OAI/2.0/ http://www.openarchives.org/OAI/2.0/OAI-PMH.xsd">
  <responseDate>2026-06-08T00:38:26Z</responseDate>
  <request verb="GetRecord" metadataPrefix="marcxml" identifier="record_kuniweb_947699">https://kulturerbe.niedersachsen.de/oai</request>
  <GetRecord>
    <record>
      <header>
        <identifier>record_kuniweb_947699</identifier>
        <datestamp>2026-03-31T19:09:18Z</datestamp>
        <setSpec>slg0180</setSpec>
      </header>
      <metadata>
        <marc:record xmlns:marc="http://www.loc.gov/MARC21/slim" xsi:schemaLocation="http://www.loc.gov/MARC21/slim http://www.loc.gov/standards/marcxml/schema/MARC21slim.xsd">
          <marc:leader>12345nrm  22     uu 4500</marc:leader>
          <marc:controlfield tag="001">947699</marc:controlfield>
          <marc:controlfield tag="003">http://kuniweb.gbv.de</marc:controlfield>
          <marc:controlfield tag="005">2020-05-05T11:46:10</marc:controlfield>
          <marc:controlfield tag="008">|           ||||||||||||||||||||||</marc:controlfield>
          <marc:datafield tag="245" ind1="1" ind2="0">
            <marc:subfield code="a">ASTE-Schallplatte Nr. 60378 "Mazurka"</marc:subfield>
          </marc:datafield>
          <marc:datafield tag="655" ind1=" " ind2="7">
            <marc:subfield code="a">Film &amp; Ton</marc:subfield>
          </marc:datafield>
          <marc:datafield tag="046" ind1=" " ind2=" ">
            <marc:subfield code="k">1920</marc:subfield>
            <marc:subfield code="k">ca. 1920</marc:subfield>
          </marc:datafield>
          <marc:datafield tag="260" ind1=" " ind2=" ">
            <marc:subfield code="g">1920</marc:subfield>
            <marc:subfield code="g">ca. 1920</marc:subfield>
          </marc:datafield>
          <marc:datafield tag="300" ind1=" " ind2=" ">
            <marc:subfield code="a">Durchmesser: 25,2 cm</marc:subfield>
          </marc:datafield>
          <marc:datafield tag="520" ind1=" " ind2=" ">
            <marc:subfield code="a">Schellack-Platte mit Operetten-Musik, Vertrieb: Fa. August Stukenbrok Einbeck (ASTE). Stark abgenutzt/verkratzt, ein radialer tiefer Riss geht bis nahe zur Mitte. Plattenlabel gut erhalten. Aufdruck auf Vorder- und Rückseite. Auf einer Seite eine Lizenzmarke, quadratisch, weiß mit grünem Aufdruck mit Stempelnr. 7 aufgeklebt.
 (Stadtmuseum Einbeck)

Stempel:
(Seite 1) 4286 (Lizenznr. zusätzlich geprägt in Schellack) (Seite 2) 4285 (Lizenznummer zusätzlich geprägt in Schellack)

Aufkleber/Etikett:
(Seite 1) ASTE-Schallplatte August Stukenbrok, Einbeck Fabrik für Fahrräder und Fahrradteile Sportartikel Musikwaren 4286 Electro MAZURKA (H. Wieniawski) Violin-Solo Georg Kniestädt Konzertmeister der Staatsoper Berlin am Schwechten-Flügel: Karl Rockstroh Nr. 60378 (Seite 2) ASTE-Schallplatte August Stukenbrok, Einbeck (...) 4285 Electro HUMORESKE (Ant. Dvorák) Violin-Solo Georg Kniestädt Konzertmeister der Staatsoper Berlin Am Schwechten-Flügel: Karl Rockstroh Nr. 60378* (in Gold auf dunkelblauem Papier)</marc:subfield>
          </marc:datafield>
          <marc:datafield tag="650" ind1="1" ind2=" ">
            <marc:subfield code="a">Datenträger &gt; Schallplatte</marc:subfield>
          </marc:datafield>
          <marc:datafield tag="650" ind1="1" ind2=" ">
            <marc:subfield code="a">Einbeck (Northeim, Niedersachsen)</marc:subfield>
          </marc:datafield>
          <marc:datafield tag="773" ind1="0" ind2=" ">
            <marc:subfield code="t">Sammlung Musikalien und Instrumente</marc:subfield>
          </marc:datafield>
          <marc:datafield tag="852" ind1=" " ind2=" ">
            <marc:subfield code="a">Stadtmuseum Einbeck</marc:subfield>
          </marc:datafield>
          <marc:datafield tag="" ind1=" " ind2=" ">
            <marc:subfield code="a">Namensnennung - Weitergabe unter gleichen Bedingungen 4.0 International (CC BY-SA 4.0)</marc:subfield>
          </marc:datafield>
        </marc:record>
      </metadata>
    </record>
  </GetRecord>
</OAI-PMH>
